Guess the 1960s song lyrics #2 - Statistics

General Stats
  • This quiz has been taken 32 times
  • The average score is 241 of 334
Answer Stats
Answer % Correct
a
100%
the
100%
The
100%
I
97%
man
93%
who
93%
he
90%
He
90%
me
90%
of
90%
And
87%
and
87%
on
87%
was
87%
Was
87%
his
83%
Oh
83%
to
83%
go
80%
in
80%
is
80%
my
80%
No
80%
only
80%
preacher
80%
son
80%
when
80%
When
80%
could
77%
ever
77%
one
77%
that
77%
boy
73%
Then
73%
Yes
70%
yes
70%
reach
67%
teach
67%
all
63%
from
63%
well
63%
Can
60%
see
60%
take
60%
how
57%
How
57%
tell
57%
would
57%
eyes
53%
mine
53%
they
53%
time
53%
come
50%
get
50%
good
50%
look
50%
much
50%
preacher's
50%
daddy
47%
kiss
47%
Billy
43%
he'd
43%
He'd
43%
into
43%
talkin
43%
away
40%
everything
40%
he's
40%
knows
40%
Ooh
40%
sweet
40%
along
37%
isn't
37%
make
37%
Ray
37%
started
37%
try
37%
alright
33%
always
33%
Out
33%
Takin
33%
That's
33%
walkin
33%
sly
30%
surprise
30%
we'd
30%
again
27%
easy
27%
knowin
27%
Lookin
27%
Lord
27%
matter
27%
remember
27%
round
27%
visit
27%
Being
23%
hard
23%
kisses
23%
Tellin
23%
through
23%
tonight
23%
each
20%
gathered
20%
lovin
20%
other's
20%
we've
20%
grown
17%
kissed
17%
Learnin
17%
move
17%
Stealin
17%
backyard
13%
groove
10%
No matching quizzes found
Score Distribution
Percent of People with Each Score
Percentile by Number Answered
Your Score History
You have not taken this quiz